| 000 | 00450cam a2200169ua 4500 | ||
|---|---|---|---|
| 020 | _c$5.50 | ||
| 041 |
_aeng _h |
||
| 082 |
_a512.7 _bDIC/MO |
||
| 100 | _aDickson, Leonard Eugene . | ||
| 245 |
_aModern elementary theory of numbers / _cLeonard Eugene Dickson. _hTextual Documents |
||
| 260 |
_aChicago : _bUniversity of Chicago Press , _c1939. |
||
| 300 | _a309 ; . | ||
| 365 | _a$5.50 | ||
| 504 | _a | ||
| 942 | _cBK | ||
| 999 |
_c9401 _d9401 |
||